[Event "AUTO-ADV-2511"]
[Site "http://www.queenalice.com/game.php?id=1062803"]
[Date "2012.5.23"]
[Round "1"]
[White "Artking"]
[Black "syber"]
[Result "0-1"]
[WhiteElo "1860"]
[BlackElo "1780"]

1. e4 e5 2. Nf3 Nc6 3. Bb5 Nge7 4. c3 d6 5. d3 Bd7 6. O-O Ng6 7. Be3 Be7 8. Nbd2
Nf4 9. Ba4 Nxd3 10. Qc2 Nc5 11. Bb3 Ne6 12. Ne1 O-O 13. a3 a6 14. Bxe6 Bxe6 15.
b3 f5 16. exf5 Bxf5 17. Qc1 Qe8 18. f4 exf4 19. Rxf4 Ne5 20. Nef3 Nd3 21. Qf1
Nxf4 22. Bxf4 Qc6 23. Rc1 Bf6 24. Nc4 Qc5+ 25. Kh1 b5 26. Ncd2 Qxa3 27. h3 Rfe8
28. Nd4 Bd7 29. Qf3 Qxc1+ 30. Nf1 Qe1 31. Kg1 Rab8 32. Qd5+ Kh8 33. Bd2 Bxd4+
34. Qxd4 Qe2 35. Ng3 Qe6 36. Nh5 Qg6 37. Nf4 Qf7 38. g4 Qxb3 39. Nh5 Rg8 40. Bh6
Qb1+ 41. Kh2 Qg6 0-1

[Event "AUTO-ADV-2511"]
[Site "http://www.queenalice.com/game.php?id=1062804"]
[Date "2012.5.23"]
[Round "1"]
[White "syber"]
[Black "Artking"]
[Result "0-1"]
[WhiteElo "1781"]
[BlackElo "1837"]

1. e4 c6 2. d4 d5 3. e5 Bf5 4. Nc3 h6 5. Nf3 Bh7 6. Be2 e6 7. Bf4 Ne7 8. O-O Nd7
9. a4 a6 10. h3 c5 11. Nh2 Nf5 12. dxc5 Nxc5 13. b3 Rc8 14. Qd2 g5 15. Bg3 Qb6
16. Kh1 Nxg3+ 17. fxg3 Ne4 18. Nxe4 dxe4 19. Ng4 Bb4 20. Nf6+ Kf8 21. Nd7+ Kg7
22. Nxb6 Bxd2 23. Nxc8 Rxc8 24. Bc4 e3 25. Be2 Rxc2 26. Rad1 Be4 27. g4 Ba5 28.
Rd4 Bc6 29. b4 Rxe2 30. bxa5 Rxg2 31. Rfd1 e2 32. Re1 Rxg4+ 0-1

[Event "AUTO-ADV-2511"]
[Site "http://www.queenalice.com/game.php?id=1062817"]
[Date "2012.5.23"]
[Round "1"]
[White "Leandro_Cardoso"]
[Black "syber"]
[Result "0-1"]
[WhiteElo "1919"]
[BlackElo "1743"]

1. e4 e5 2. Nf3 Nc6 3. d4 exd4 4. Nxd4 Qf6 5. Be3 Qe5 6. Nc3 Bb4 7. f3 Nf6 8.
Bc4 d5 9. Bb5 Bd7 10. Nxc6 Bxc6 11. Bxc6+ bxc6 12. O-O dxe4 13. fxe4 Bxc3 14.
bxc3 Qxc3 15. Bd4 Qc4 16. Bxf6 gxf6 17. Rxf6 Rd8 18. Qf3 Qd4+ 19. Kh1 Qxa1+ 0-1

[Event "AUTO-ADV-2511"]
[Site "http://www.queenalice.com/game.php?id=1062818"]
[Date "2012.5.23"]
[Round "1"]
[White "syber"]
[Black "Leandro_Cardoso"]
[Result "0-1"]
[WhiteElo "1767"]
[BlackElo "1962"]

1. e4 c6 2. d4 d5 3. e5 Bf5 4. Nf3 e6 5. Nc3 c5 6. Bd3 Bxd3 7. Qxd3 c4 8. Qe3
Nc6 9. a3 a6 10. O-O Nge7 11. Qf4 Nf5 12. Be3 Qb6 13. Rab1 Be7 14. Qg4 O-O 15.
Rfd1 Kh8 16. Qh5 Kg8 17. Bg5 Bxg5 18. Nxg5 h6 19. Nf3 Ncxd4 20. Nxd4 Nxd4 21.
Rd2 Nf5 22. Kh1 Qd8 23. g3 Qe7 24. Ne2 g6 25. Qf3 Qg5 26. Rdd1 b5 27. c3 Ne7 28.
Qf4 Qxf4 29. Nxf4 Nc6 30. Re1 a5 31. Nh3 b4 32. cxb4 axb4 33. axb4 Nxb4 34. f4
Ra2 35. Re2 Nd3 36. Ng1 Rb8 37. b3 Rxe2 38. Nxe2 Rxb3 39. Ra1 Rb2 40. Nc1 Nf2+
41. Kg1 Ng4 42. h3 Ne3 43. Kh1 c3 44. Nd3 Rd2 45. Nb4 c2 46. Ra8+ Kg7 0-1

[Event "AUTO-ADV-2511"]
[Site "http://www.queenalice.com/game.php?id=1062825"]
[Date "2012.5.23"]
[Round "1"]
[White "Mick_Gray"]
[Black "syber"]
[Result "0-1"]
[WhiteElo "1881"]
[BlackElo "1759"]

1. f4 d5 2. e3 Nf6 3. b3 Nc6 4. Bb2 e6 5. Bb5 Bd7 6. Nf3 Be7 7. a4 O-O 8. O-O a6
9. Bd3 b6 10. c4 Nb4 11. Be2 Ne4 12. Nc3 Nxc3 13. Bxc3 dxc4 14. Bxc4 Nd5 15. Be5
Bf6 16. Qc2 Nb4 17. Qc3 Bxe5 18. Nxe5 Nc6 19. d4 a5 20. d5 Nxe5 21. Qxe5 exd5
22. Bxd5 Rb8 23. Rf3 c6 24. Be4 Qh4 25. Bf5 Rfe8 26. Bxd7 Rxe5 27. fxe5 c5 28.
Raf1 Rf8 29. Bb5 Qh5 30. Rf5 Qh6 31. R1f3 g6 32. Rh3 Qg7 33. Rf6 Rc8 34. Rhf3 h5
35. Rxb6 Qxe5 36. Bc4 Rc7 37. h4 Qc3 38. Rbf6 Qe1+ 39. Kh2 Qxh4+ 40. Kg1 Kg7 41.
Bxf7 Rd7 42. Rxg6+ Kh8 43. Rh6+ Kg7 44. g3 Rd1+ 45. Kg2 Qh1+ 46. Kf2 Qf1# 0-1

[Event "AUTO-ADV-2511"]
[Site "http://www.queenalice.com/game.php?id=1062826"]
[Date "2012.5.23"]
[Round "1"]
[White "syber"]
[Black "Mick_Gray"]
[Result "0-1"]
[WhiteElo "1796"]
[BlackElo "1825"]

1. e4 d6 2. d4 c5 3. Nc3 Qa5 4. Be2 cxd4 5. Qxd4 e5 6. Bb5+ Bd7 7. Bxd7+ Nxd7 8.
Qd3 Ngf6 9. Bd2 Nc5 10. Qc4 Qb6 11. Rb1 Be7 12. Be3 O-O 13. Nf3 Rac8 14. Nd5
Nxd5 15. Qxd5 Qb4+ 16. c3 Qxe4 17. Qxe4 Nxe4 18. O-O a5 19. a4 Rc4 20. Ne1 Rxa4
21. Nd3 Bg5 22. f4 exf4 23. Nxf4 Re8 24. Bc1 b5 25. b3 Ra2 26. c4 b4 27. g3 Nd2
28. Bxd2 Rxd2 29. Nd5 Ree2 30. Rfc1 Rxh2 31. Re1 g6 32. Re8+ Kg7 33. g4 Rdg2+
34. Kf1 Rxg4 35. Nc7 Rh1+ 0-1

[Event "Challenge"]
[Site "http://www.queenalice.com/game.php?id=1065429"]
[Date "2012.5.29"]
[Round "-"]
[White "syber"]
[Black "plot24"]
[Result "1-0"]
[WhiteElo "1777"]
[BlackElo "1683"]

1. e4 e5 2. Nc3 d6 3. Bc4 c6 4. a3 g6 5. Nf3 Be6 6. Bxe6 fxe6 7. d3 Be7 8. O-O
Nd7 9. h3 Ngf6 10. Ng5 Nf8 11. f4 exf4 12. Bxf4 e5 13. Be3 Qd7 14. Rf2 Ne6 15.
Qf1 d5 16. Ne2 Rf8 17. Ng3 b6 18. exd5 cxd5 19. c3 O-O-O 20. Ne2 Nxg5 21. Bxg5
Kb7 22. Bxf6 1-0

[Event "AUTO-INT-2305"]
[Site "http://www.queenalice.com/game.php?id=1083213"]
[Date "2012.7.16"]
[Round "2"]
[White "Flamengo"]
[Black "syber"]
[Result "1-0"]
[WhiteElo "1816"]
[BlackElo "1813"]

1. e4 e5 2. Nf3 Nc6 3. Bb5 Nge7 4. d4 exd4 5. Nxd4 Nxd4 6. Qxd4 a6 7. Bc4 Nc6 8.
Qd5 Qe7 9. O-O Nb4 10. Qd1 d6 11. a3 Nc6 12. Nc3 g6 13. Nd5 Qd7 14. Nf6+ Ke7 15.
Nxd7 Bxd7 16. Qf3 Ne5 17. Bg5+ Ke8 18. Qb3 Rb8 19. f4 Nxc4 20. Qxc4 Rc8 21. Bf6
Rg8 22. Qb3 Bc6 23. e5 Bh6 24. exd6 cxd6 25. Rae1+ Kf8 26. Re7 Bg7 27. Qc3 Bd7
28. Bxg7+ Kxe7 29. Re1+ Kd8 30. Bf6# 1-0

[Event "AUTO-INT-2305"]
[Site "http://www.queenalice.com/game.php?id=1083214"]
[Date "2012.7.16"]
[Round "2"]
[White "syber"]
[Black "Flamengo"]
[Result "1-0"]
[WhiteElo "1799"]
[BlackElo "1740"]

1. e4 c5 2. Bc4 Nc6 3. Qf3 e6 4. Nc3 Nd4 5. Qd3 a6 6. a3 b5 7. Ba2 Bd6 8. Nce2
Nxe2 9. Nxe2 Bc7 10. O-O Qh4 11. g3 Qe7 12. Qf3 Bb7 13. d3 h6 14. Qg4 f6 15. Bf4
e5 16. Qg6+ Kd8 17. Be3 Bb6 18. f4 Kc7 19. fxe5 fxe5 20. Rf7 1-0

[Event "AUTO-INT-2305"]
[Site "http://www.queenalice.com/game.php?id=1083217"]
[Date "2012.7.16"]
[Round "2"]
[White "syber"]
[Black "hendrixx"]
[Result "0-1"]
[WhiteElo "1647"]
[BlackElo "1802"]

1. e4 e5 2. Nc3 Nf6 3. Bc4 d6 4. Nf3 g6 5. a3 Bg7 6. O-O O-O 7. d3 a6 8. Bg5 Nc6
9. Nd5 b5 10. Nxf6+ Bxf6 11. Bxf6 Qxf6 12. Bd5 Bb7 13. h3 Na5 14. Bxb7 Nxb7 15.
Qd2 Nd8 16. Qc3 Ne6 17. g3 Qxf3 18. Rfe1 Ng5 0-1

[Event "AUTO-INT-2305"]
[Site "http://www.queenalice.com/game.php?id=1083218"]
[Date "2012.7.16"]
[Round "2"]
[White "hendrixx"]
[Black "syber"]
[Result "1-0"]
[WhiteElo "1812"]
[BlackElo "1637"]

1. e4 e5 2. Nf3 Nc6 3. Nc3 Bc5 4. Bc4 Nf6 5. O-O O-O 6. a3 a6 7. b4 Ba7 8. Nd5
Nxe4 9. Qe2 Nd6 10. Nxe5 Nxe5 11. Qxe5 Nxc4 12. Qc3 b5 13. d3 Nd6 14. Bb2 f6 15.
Nxc7 Rb8 16. Rae1 Bb7 17. Qb3+ Kh8 18. Nd5 Nf5 19. Nf4 1-0

[Event "AUTO-INT-2295"]
[Site "http://www.queenalice.com/game.php?id=1102077"]
[Date "2012.9.11"]
[Round "2"]
[White "Corvidae"]
[Black "syber"]
[Result "1-0"]
[WhiteElo "1852"]
[BlackElo "1783"]

1. Nf3 d5 2. d4 Nc6 3. g3 Bf5 4. c3 Nf6 5. Nbd2 Ne4 6. Bg2 h6 7. Nh4 Bh7 8. O-O
Nxd2 9. Bxd2 e6 10. Re1 Be7 11. Nf3 O-O 12. b4 a6 13. a4 1-0

[Event "AUTO-INT-2295"]
[Site "http://www.queenalice.com/game.php?id=1102078"]
[Date "2012.9.11"]
[Round "2"]
[White "syber"]
[Black "Corvidae"]
[Result "0-1"]
[WhiteElo "1797"]
[BlackElo "1838"]

1. e4 c5 2. Bc4 e6 3. Nc3 a6 4. a3 b5 5. Ba2 Nc6 6. Nf3 d6 7. d3 h6 8. Bd2 Nf6
9. O-O Be7 10. b3 Bb7 11. Qe2 Ng4 0-1

[Event "AUTO-INT-2282"]
[Site "http://www.queenalice.com/game.php?id=1102184"]
[Date "2012.9.12"]
[Round "2"]
[White "syber"]
[Black "markim04"]
[Result "0-1"]
[WhiteElo "1770"]
[BlackElo "1763"]

1. e4 c5 2. Bc4 a6 3. Nc3 d6 4. Nf3 e6 5. a3 b5 6. Ba2 Bb7 7. d3 Nf6 8. O-O Be7
9. d4 cxd4 10. Qxd4 Nc6 11. Qd3 O-O 0-1

[Event "AUTO-INT-2282"]
[Site "http://www.queenalice.com/game.php?id=1102185"]
[Date "2012.9.12"]
[Round "2"]
[White "markim04"]
[Black "syber"]
[Result "1-0"]
[WhiteElo "1779"]
[BlackElo "1754"]

1. d4 d5 2. c4 Nf6 3. Nc3 e6 4. Nf3 dxc4 5. e4 Nc6 6. Bxc4 Bb4 7. e5 Ne4 8. Qc2
Nxc3 9. bxc3 Be7 10. O-O a6 11. Be3 Bd7 12. Rfe1 1-0